000 00670nam a22002177a 4500
003 OSt
005 20221209170847.0
008 221006b |||||||| |||| 00| 0 eng d
040 _cBiblioteca Lado V
082 _a708
_bS664r
110 _aSmithsonian Institution
_eautor
245 _aRegarding Beuty/
260 _aUSA
_c1999
300 _c31X25cm
_a233p.
650 _2Tesauro de Arte & Arquitectura
_aGRABADO
650 _2Tesauro de Arte & Arquitectura
_aMIXOGRAFIA
650 _2Tesauro de Arte & Arquitectura
_aARTE
700 _aBonito Oliva, Achille
_etextos
700 _aLea Remba, Luis e
_etextos
942 _2ddc
_c1
_h708
_iS664r
_n0
999 _c2724
_d2724